000 02163nam0a2200385 4500
001 RU\NLR\bibl\1652484
005 20260406132708.0
010 _a978-5-85039-274-1
_9400
021 _aRU
_b2010-40930
_92744
035 _a(nilc)LIBNET\0000032711
035 _a(NLR Aleph) 001643802
090 _a878598
_c878598
100 _a20100520d2010 |||y0rusy50 ca
101 0 _arus
102 _aRU
105 _aa z |||||
200 1 _aКарелия в Великой Отечественной войне: освобождение от оккупации и возрождение мирной жизни, 1944 - 1945
_eсборник документов и материалов
_fМ-во культуры и по связям с общественностью Респ. Карелия, Нац. архив Респ. Карелия, Карел. науч. центр РАН, Ин-т яз., лит. и истории
_g[сост.: Е. В. Вдовинец и др.]
210 _aПетрозаводск
_cФонд творческой инициативы
_d2010
215 _a510 с.
_cил.
_d20
300 _a65-летию Победы в Великой Отечественной войне посвящается
320 _aБиблиогр.: с. 501-505, в примеч.: с. 469-478 и в подстроч. примеч.
320 _aУказ. имен: с. 479-491
320 _aУказ. геогр. назв.: с. 492-500
606 1 _aВеликая Отечественная война
_jДокументы и материалы
_yКарело-Финская ССР
_z1941 - 1945
_92126138
_3RU\NLR\auth\661587071
686 _a63.3(2)622-9ю11
_vLBC/M
_2rubbk
686 _aЦ35(2)722(2Р-6Кар),011
686 _aТ3(2)722.9-9(2Р-6Кар),011
702 1 _aВдовинец
_bЕ. В.
_4220
712 0 2 _4570
_aНациональный архив Республики Карелия
_cПетрозаводск
_3RU\NLR\AUTH\8824539
_9323859
801 0 _aRU
_bНБР Карелия
_c20100520
_grcr
801 1 _aRU
_bНБР Карелия
_c20100520
_2rusmarc
801 2 _aRU
_bNLR
_c20100706
_grcr
942 _cBOOK
980 _aNB
980 _aNBR